000 00695nam a22002057a 4500
999 _c10405
_d10405
003 AR-CdUCM
008 190401b ||||| |||| 00| 0 spa d
040 _aMUNICIPALIDAD PROVINCIAL DEL CUSCO
_cBIBLIOTECA MUNICIPAL DEL CUSCO
082 _aES / 460.133 /
_bQ7
100 _aQuintana, Martín
_926636
245 _aRazonamiento verbal y comprensión de lectura 1 /
260 _aLima :
_bMQ.,
300 _a192 paginas ;
_c21 cm.
505 _aContenido :Sinónimos -- Antónimos -- Analogías -- Términos excluidos -- Oraciones incompletas ...
650 _aLiteratura peruana
_9169
650 _aSinónimos
_927240
650 _aAntónimos
_927241
942 _2ddc
_cLIBROS
945 _arum